Charlesworth’s company law / (Record no. 478)

000 -LEADER
fixed length control field 00625nam a22002177a 4500
003 - CONTROL NUMBER IDENTIFIER
control field OSt
005 - DATE AND TIME OF LATEST TRANSACTION
control field 20140116120829.0
008 - FIXED-LENGTH DATA ELEMENTS--GENERAL INFORMATION
fixed length control field 111021t xxu||||| |||| 00| 0 eng d
020 ## - INTERNATIONAL STANDARD BOOK NUMBER
International Standard Book Number 97811847039194
040 ## - CATALOGING SOURCE
Transcribing agency OC
050 ## - LIBRARY OF CONGRESS CALL NUMBER
Classification number KD2079.C43 2010
100 ## - MAIN ENTRY--PERSONAL NAME
Personal name Girvin, Stephen
245 ## - TITLE STATEMENT
Title Charlesworth’s company law /
Statement of responsibility, etc Stephen D. Girvin, Sandra Frisby and Alastair Hudson .
250 ## - EDITION STATEMENT
Edition statement 18th ed.
260 ## - PUBLICATION, DISTRIBUTION, ETC. (IMPRINT)
Place of publication, distribution, etc London : 
Name of publisher, distributor, etc Sweet & Maxwell , 
Date of publication, distribution, etc 2010 .
300 ## - PHYSICAL DESCRIPTION
Extent cxix, 836 p.
650 ## - SUBJECT ADDED ENTRY--TOPICAL TERM
Topical term or geographic name as entry element Corporation law -- Great Britain.
700 ## - ADDED ENTRY--PERSONAL NAME
Personal name Frisby, Sandra.
700 ## - ADDED ENTRY--PERSONAL NAME
Personal name Hudson, Alastair.
942 ## - ADDED ENTRY ELEMENTS (KOHA)
Source of classification or shelving scheme
Koha item type Book
Holdings
Withdrawn status Lost status Source of classification or shelving scheme Damaged status Not for loan Home library Current library Date acquired Source of acquisition Total Checkouts Total Renewals Full call number Barcode Date last seen Date checked out Copy number Price effective from Koha item type Shelving location
          Riara University Library Riara University Library 21/10/2011 Purchase 11 1 KD2079.C43 2010 290/11 16/03/2021 26/02/2021 C.1 21/10/2011 Book  
          Riara University Library Riara University Library 21/10/2011 Purchase 8 1 KD2079.C43 2010 530/11 05/02/2021 19/01/2021 C.2 21/10/2011 Book  
          Riara University Library Riara University Library 21/10/2011 Purchase 11   KD2079.C43 2010 529/11 12/03/2021 24/02/2021 C.3 21/10/2011 Book on Shortloan General stack

Riara University Library,
P.O. Box 49940-00100,
Nairobi, Kenya.